000 00457nam a2200181Ia 4500
001 20399
003 GE_BSU
008 181216s||||||||xx |||||||||||||| ||und||
040 _cGE_BSU
245 4 _aThe Economist, April 15th-21st 2017. #9036
260 _aParis
260 _c2017
300 _a80p. 27cm.
653 _aThe Economist, April 15th-21st 2017. #9036
653 _aПериодика
653 _aპერიოდიკა
942 _cCR
999 _c53356
_d53356